000 00262nam a22001217a 4500
008 181218b xxu||||| |||| 00| 0 eng d
041 _aeng
080 _a573
100 _a11
101 _aBIO
245 _aFacts & Fallacies
_cReader's Digest
942 _2udc
_cBK
999 _c53421
_d53421